Teatr, ščo govorit' 45 movami

Bibliographic Details
Main Author: Rižova, Valentina (Author)
Format: Article
Language:Ukrainian

MARC

LEADER 00000nab a2200000ua 4500
001 vtls010809827
003 SK-MaSNL
005 20260303131900.0
008 230218s1977 xo |||||||||||||||||ukr|
035 |a (urnnbn)urn:nbn:sk:snk:ar-004oj8 
035 |a (uuid)c1ff6543-9e49-40a3-9ff4-9069dfe0be5b 
035 |a urn:nbn:sk:snk-ab44kq 
040 |a SNKBUCL  |b slo  |c SNKBUCL  |e AACR2 
041 0 |a ukr 
044 |a xo  |c SK 
100 1 |a Rižova, Valentina  |4 aut  |9 1149095 
245 1 0 |a Teatr, ščo govorit' 45 movami  |c Valentina Rižova 
773 0 |t Duklja : literaturno-chudožnij ta hromads'ko-polityčnyj al'manach  |g Roč. 25, č. 5 (1977), s. 63-65 
958 |a OND 
958 |a EUIPO 
958 |a article3 
999 |c 1947610  |d 1949540